Представление документа в формате RUSMARC

ПолеНазваниеЗначение
  Тип записи a
  Библиографический уровень m
001 Контрольный номер RU/SLIB/B/208779637
005 Дата корректировки 20201206204336.5
010 Индекс ISBN __
a ISBN 5-9533-0265-7
d Цена 112-50
101 Язык документа 1_
a Язык текста rus
200 Заглавие и сведения об ответственности 1_
a Заглавие Сто великих футболистов
f Первые сведения об ответственности В. И. Малов
b Общее обозначение материала Текст
210 Выходные данные __
a Место издания М.
c Издательство Вече
d Дата издания 2005
215 Физическое описание __
a Объем 428 с.
c Иллюстрации/тип воспроизводства ил., портр.
225 Серия __
a Серия 100 великих
330 Аннотация __
a Аннотация Рассказ как о выдающихся игроках, так и о прославленных футбольных тренерах.
606 Тематические рубрики __
a Основная рубрика Спортивные игры
606 Тематические рубрики __
a Основная рубрика Физическая культура и спорт
610 Ключевые слова __
a Ключевые слова футболисты; вратари; футбол; спортсмены; тренеры; персоналии; биографии
686 Индексы других классификаций __
a Классификационный индекс 75.578-8; ст75.578г
700 Автор _1
a Фамилия Малов
b Имя В. И.
g Полное личное имя Владимир Игоревич
4 Код отношения 070
801 Источник записи _0
a Страна RU
b Организация Муниципальное бюджетное учреждение культуры "Централизованная библиотечная система" г. Сургут (Центральная городская библиотека им. А. С. Пушкина)
g Правила каталогизации КиК/Поспелова; КиК/Уланова
801 Источник записи _1
a Страна RU
b Организация Муниципальное бюджетное учреждение культуры "Централизованная библиотечная система" г. Сургут (Центральная городская библиотека им. А. С. Пушкина)
g Правила каталогизации КиК/Поспелова; КиК/Уланова
852 Данные о местонахождении __
j Шифр хранения 75.578-8
c Каталожный индекс 75.578
i Авторский знак М 19
p Инвентарный номер 06021300; 06021301; 06021302; 06021303; 06021304; 06021305; 05112178; 05112179; 05112180; 05112181
901 Тип документа __
t Тип документа m
903 Характеристики (МАРС) __
a Дата передачи 20060202; 20051123
990 Данные о заказе (DOS) __
t N записи в КСУ для И/У (DOS) 200602; 200511
j Количество экземпляров (DOS) 6; 4